Normal view
MARC view
Entry Topical Term
001 - CONTROL NUMBER
- control field: 11032
003 - CONTROL NUMBER IDENTIFIER
- control field: dpl
005 - DATE AND TIME OF LATEST TRANSACTION
- control field: 20100811143347.0
008 - FIXED-LENGTH DATA ELEMENTS
- fixed length control field: 100811|||a|||||| | ||| d
040 ## - CATALOGING SOURCE
- Original cataloging agency: dpl
- Transcribing agency: dpl
150 ## - HEADING--TOPICAL TERM
- Topical term or geographic name as entry element: Consolidation & merger of corporations-Corporate recognisations
670 ## - SOURCE DATA FOUND
- Source citation: Work cat.: (dpl): Godbole, Prasad G. 11031, Mergers, acquisitions and corporate restructuring /, 2009
670 ## - SOURCE DATA FOUND
- Source citation: Work cat.: (dpl): Godbole, Prasad G. 11031, Mergers, acquisitions and corporate restructuring /, 2009
